Most Visited Landmark by Country - Statistics

General Stats
  • This quiz has been taken 119 times
  • The average score is 4 of 15
Answer Stats
Country Landmark % Correct
India Taj Mahal
79%
Italy Colosseum
73%
Greece Parthenon
65%
China Forbidden City
59%
Vatican City St. Peter's Basilica
44%
Spain Sagrada Família
37%
France Palace of Versailles
27%
United Kingdom Tower of London
20%
United States Lincoln Memorial
10%
Germany Cologne Cathedral
8%
Austria Schonbrunn Palace
4%
Mexico Teotihuacán
4%
Turkey Topkapi Palace
3%
Poland Łazienki Palace
0%
Russia Peterhof Palace
0%
No matching quizzes found
Score Distribution
Percent of People with Each Score
Percentile by Number Answered
Your Score History
You have not taken this quiz